Score 0/32 Timer 03:00
0 Plays Today
% Correct
*TAIL*
100%
*COIL*
95.1%
Toil
95.1%
Mall
92.7%
Bile
92.7%
Male
92.7%
Mile
92.7%
Coin
92.7%
Mate
90.2%
Bald
90.2%
Mite
90.2%
*BITE*
90.2%
Silt
87.8%
*BALL*
87.8%
Band
87.8%
Malt
87.8%
% Correct
More
87.8%
Rear
85.4%
Hear
85.4%
*SALT*
85.4%
Read
85.4%
Silk
85.4%
*MILK*
85.4%
*FEAR*
85.4%
Core
85.4%
*CORN*
85.4%
*MOLT*
85.4%
*MOLE*
85.4%
*HEAD*
80.5%
Rend
80.5%
Send
80.5%
*SAND*
78%

You're not logged in!

Compare scores with friends on all Sporcle quizzes.
OR
Log In

Sporcle TV

Today on Sporcle TV


Watch our educational content, quiz creation guides, and fun videos on Sporcle TV.

Show Comments

Extras

Top Quizzes Today


Score Distribution

Paid Content

Your Account Isn't Verified!

In order to create a playlist on Sporcle, you need to verify the email address you used during registration. Go to your Sporcle Settings to finish the process.

Report this User

Report this user for behavior that violates our Community Guidelines.

Details: